| 000 | 02226nam0a2200385 4500 | ||
|---|---|---|---|
| 001 | RU\NLR\BIBL_A\012849645 | ||
| 005 | 20260408075939.0 | ||
| 035 | _a(NLR Aleph) 012849645 | ||
| 090 |
_a12423207 _c12423207 |
||
| 100 | _a20200316d1905 |||y0rusy50 ca | ||
| 101 | 0 | _arus | |
| 102 | _aRU | ||
| 105 | _ay z 000zy | ||
| 181 | 0 |
_ai _baxxe |
|
| 182 | 0 | _an | |
| 200 | 1 |
_aОб облегчениях податного бремени для лиц сельского состояния, пострадавших на войне, и их семей _fМинистерство Финансов. Департамент Окладных Сборов. Отделение III. Стол 2. 12 октября 1905 года. № 10074 |
|
| 203 |
_aТекст _bвизуальный _cнепосредственный |
||
| 210 |
_a[Санкт-Петербург _cб. и.] _d1905 |
||
| 215 |
_a31 с. _d33 |
||
| 300 | _aВ конце текста: Подписал: Министр Финансов, Статс-Секретарь В. Коковцов; Скрепил: Директор Н. Покровский | ||
| 309 | _aБез тит. л. и обл. | ||
| 601 | 0 | 1 |
_aРоссия _bМинистерство финансов _jДокументы и материалы _91554792 _3RU\NLR\AUTH\66980077 |
| 606 | 1 |
_aСельское население _jДокументы и материалы _xНалоговые льготы _yРоссия _92539421 _3RU\NLR\AUTH\6601717071 |
|
| 686 | 3 | _aУ26(28)11-212.113.62,011 | |
| 686 | 3 | _aУ26(28)141.3-805.4,011 | |
| 702 | 1 |
_4720 _8rus _7ca _aКоковцов _bВ. Н. _f1853-1943 _gВладимир Николаевич _3RU\NLR\AUTH\7759568 _942499 |
|
| 702 | 1 |
_4720 _7ca _8rus _aПокровский _bН. Н. _cгос. деятель _f1865-1930 _gНиколай Николаевич _9153763 _3RU\NLR\AUTH\770153801 |
|
| 711 | 0 | 1 |
_aРоссия _bМинистерство финансов _3RU\NLR\AUTH\889947360 _9390360 |
| 712 | 0 | 1 |
_4570 _aРоссия _bДепартамент окладных сборов _3RU\NLR\AUTH\8810083771 _9669565 |
| 852 |
_aNLR _j135/294-376 (60) |
||
| 942 | _cBOOK | ||
| 980 | _aNB | ||